Heritage retrofit (Record no. 115958)
[ view plain ]
| 000 -LEADER | |
|---|---|
| fixed length control field | 02036cam a22003375a 4500 |
| 001 - CONTROL NUMBER | |
| control field | L159499 |
| 008 - FIXED-LENGTH DATA ELEMENTS--GENERAL INFORMATION | |
| fixed length control field | 170803s2017 xxk f 000 0 eng d |
| 020 ## - INTERNATIONAL STANDARD BOOK NUMBER | |
| International Standard Book Number | 9871900915878 |
| 035 ## - SYSTEM CONTROL NUMBER | |
| System control number | (Sirsi) u159499 |
| 041 ## - LANGUAGE CODE | |
| Language code of text/sound track or separate title | eng |
| 050 ## - LIBRARY OF CONGRESS CALL NUMBER | |
| Classification number | 690.241 |
| 110 ## - MAIN ENTRY--CORPORATE NAME | |
| Corporate name or jurisdiction name as entry element | Cathedral Communications Limited |
| 9 (RLIN) | 3087 |
| 245 ## - TITLE STATEMENT | |
| Title | Heritage retrofit |
| Remainder of title | older buildings and sustainability |
| Medium | [electronic resource] |
| 260 ## - PUBLICATION, DISTRIBUTION, ETC. | |
| Place of publication, distribution, etc. | Tisbury, Wilts. |
| Name of publisher, distributor, etc. | Cathedral Communications Limited |
| Date of publication, distribution, etc. | 2017 |
| 300 ## - PHYSICAL DESCRIPTION | |
| Extent | 52p. |
| Other physical details | ill. |
| Dimensions | 30cm. |
| 350 ## - PRICE (NR) (BK AM CF MU VM SE) [OBSOLETE] | |
| Price | 5.95 |
| 490 ## - SERIES STATEMENT | |
| Series statement | Building Conservation Directory Special Report |
| 505 2# - FORMATTED CONTENTS NOTE | |
| Formatted contents note | Heritage and sustainability -- Retrofit in heritage buildings: understanding the risks -- The easy wins: a strategic approach to improving energy efficiency in traditional homes -- Sustainability standards and regulations -- EPCs at clovelly -- Radical retrofit at Trinity College, Cambridge -- Internally insulated solid walls: the spab building performance survey -- Indoor air quality and ventilation in traditional building retrofit -- Home and dry: developing a non-hydraulic setting air lime for the insulation and repair of traditional buildings -- Insulation in timber-framed buildings -- Yakisugi charred timber: an ancient technique in new hands -- Heating national trust properties -- Useful contacts -- Products & services -- Events -- Index of advertiser. |
| 520 ## - SUMMARY, ETC. | |
| Summary, etc. | Highlights the opportunities for retrofitting historic and traditionally constructed buildings to meet the requirements of modern users and climate change, while avoiding the pitfalls. |
| 650 ## - SUBJECT ADDED ENTRY--TOPICAL TERM | |
| Topical term or geographic name entry element | HERITAGE PROPERTY |
| 650 ## - SUBJECT ADDED ENTRY--TOPICAL TERM | |
| Topical term or geographic name entry element | HISTORIC BUILDINGS |
| 650 24 - SUBJECT ADDED ENTRY--TOPICAL TERM | |
| Topical term or geographic name entry element | RETROFITTING |
| 650 24 - SUBJECT ADDED ENTRY--TOPICAL TERM | |
| Topical term or geographic name entry element | INSULATION |
| 650 24 - SUBJECT ADDED ENTRY--TOPICAL TERM | |
| Topical term or geographic name entry element | HEATING |
| 651 #4 - SUBJECT ADDED ENTRY--GEOGRAPHIC NAME | |
| Geographic name | ENGLAND AND WALES |
| 690 ## - LOCAL SUBJECT ADDED ENTRY--TOPICAL TERM (OCLC, RLIN) | |
| Topical term or geographic name as entry element | Sustainability |
| 9 (RLIN) | 6271 |
| 690 ## - LOCAL SUBJECT ADDED ENTRY--TOPICAL TERM (OCLC, RLIN) | |
| Topical term or geographic name as entry element | Conservation and restoration |
| 700 ## - ADDED ENTRY--PERSONAL NAME | |
| Personal name | Taylor, Jonathan |
| International Standard Serial Number | Editor |
| 856 41 - ELECTRONIC LOCATION AND ACCESS | |
| Uniform Resource Identifier | <a href="https://www.buildingconservation.com/books/heritage-retrofit.htm">https://www.buildingconservation.com/books/heritage-retrofit.htm</a> |
| Public note | View this document free of charge at www.buidingconservation.com |
| 942 ## - ADDED ENTRY ELEMENTS (KOHA) | |
| Suppress in OPAC | 0 |
| Source of classification or shelving scheme | Dewey Decimal Classification |
| Withdrawn status | Lost status | Source of classification or shelving scheme | Damaged status | Not for loan | Home library | Current library | Shelving location | Date acquired | Total Checkouts | Full call number | Barcode | Date last seen | Copy number | Price effective from | Koha item type |
|---|---|---|---|---|---|---|---|---|---|---|---|---|---|---|---|
| Dewey Decimal Classification | London | London | Missing | 03/08/2017 | F690.241 CAT | 30078507 | 06/08/2019 | 1 | 06/08/2019 | Book | |||||
| Dewey Decimal Classification | Virtual | Virtual | Online | 03/08/2017 | ONLINE PUBLICATION | 159499-2001 | 06/08/2019 | 1 | 06/08/2019 | Book |